000 00492nam a2200169Ia 4500
999 _c14708
_d14708
003 OSt
005 20201022095418.0
008 190216s9999||||xx |||||||||||||| ||und||
020 _a9780195696660
040 _coclc
082 _a891.433
_bPRE/K
100 _aPremchand
_95683
245 0 _aKarmabhumi /
_cPremchand ; Lalit Srivastava
260 _bOxford Universtiy Press ,
_aNew Delhi:
_c2006.
300 _a358.
942 _cBK
_2ddc
_h891.433
_iPRE/K
_k891.433
_mPRE/K